| 000 | 00000nam##2200000za#4500 |
| 001 | 9.589892 |
| 003 | CaOODSP |
| 005 | 20210624195850 |
| 007 | cr ||||||||||| |
| 008 | 150406|1989||||xxc|||||o f|0| 0 fre|d |
| 022 | |a1488-5379 |
| 040 | |aCaOODSP|bfre |
| 041 | |aeng |
| 041 | |afre |
| 043 | |an-cn--- |
| 086 | 1 |aFs97-6/1875-PDF |
| 110 | 1 |aCanada. |bMinistère des pêches et des océans. |
| 245 | 13|aLe Programme national de biosurveillance du TADPA du Ministère des Pêches des Océans - Emplacements et caractéristiques physiques et chimiques des sites / |h[ressource électronique]|cpar M.A. Shaw
[et al.]. |
| 260 | |aSault Ste. Marie - Ontario : |bPêches et Océans Canada |c1992. |
| 300 | |a94p.|bfigures, références, tableaux |
| 490 | 1 |aRapport technique canadien des sciences halieutiques et aquatiques|x1488-5379|vN° 1875 |
| 500 | |aPubl. par : Laboratoire des Grands Lacs pour les pêches et les sciences aquatiques, Sault Ste. Marie, Ontario. Le n° de catalogue et l'ISSN de l'édition imprimée apparaissent dans cette version électronique. Texte en anglais et en français sur deux colonnes. |
| 590 | |a14-05-Supp|b2014-02-26 |
| 791 | |tThe Department of Fisheries and Oceans National LRTAP Biomonitoring Programme - Site Locations, Physical and Chemical Characteristics / |eeng|w(CaOODSP)9.589891 |
| 830 | #0|aRapport technique canadien des sciences halieutiques et aquatiques,|x1488-5379|vN° 1875|w(CaOODSP)9.500270 |
| 856 | 40|ahttp://publications.gc.ca|qPDF|s28,757 Ko|uhttps://publications.gc.ca/collections/collection_2014/mpo-dfo/Fs97-6-1875.pdf|yN° 1875 |